II Mostra de flor i planta al carrer [Enregistrament de vídeo] : Vilassar, un mar de flors : dies 24, 25, i 26 de maig 2002 vbcrlf Vilassar, un mar de flors :
Descripción Física:
1 videocasset (VHS) : col : so.
MARC
| LEADER | 00000nam a2200000Ia 4500 | ||
|---|---|---|---|
| 001 | 19686 | ||
| 008 | 160829s2002 xx 000 0 cat d | ||
| 080 | |a VID-5 | ||
| 100 | |a Mostra de flor i planta al carrer (2a : 2002 : Vilassar de Mar) |9 43016 | ||
| 245 | |a II Mostra de flor i planta al carrer [Enregistrament de vídeo] : |b Vilassar, un mar de flors : |b dies 24, 25, i 26 de maig 2002 vbcrlf | ||
| 260 | |a Vilassar de Mar : |b l'Ajuntament, |c 2002 | ||
| 300 | |a 1 videocasset (VHS) : |b col : |b so. | ||
| 650 | |a Flors - Exposicions |9 43017 | ||
| 650 | |a Plantes - Exposicions |9 43018 | ||
| 651 | 0 | |a Vilassar de Mar |9 50824 | |
| 710 | 1 | |a Barcelona (Catalunya : Província). |b Diputació |9 52408 | |
| 710 | 1 | |a Vilassar de Mar (Catalunya). |b Ajuntament |9 55302 | |
| 901 | |a Arxiu | ||
| 942 | |n 1 | ||
| 952 | |0 0 |1 0 |4 0 |6 VID5 |7 1 |9 51136 |a Arxiu |b Arxiu |d 2016-12-01 |l 0 |o VID-5 |p 19686 |r 2016-12-01 00:00:00 |w 2016-12-01 |y ARXIU | ||
| 999 | |c 54979 |d 54979 | ||